|
|
|
|
| LEADER |
00808cam a2200217 4500 |
| 008 |
740613s1973 enk b 000 0 eng |
| 010 |
|
|
|a 74168487
|
| 015 |
|
|
|a GB73-32215
|
| 020 |
|
|
|a 004821034X
|
| 082 |
0 |
0 |
|a 822/.3/3
|
| 100 |
1 |
|
|a Andrews, W. T.
|
| 245 |
1 |
0 |
|a Critics on Shakespeare,
|c edited by W. T. Andrews.
|
| 260 |
|
|
|a London,
|b Allen and Unwin,
|c 1973.
|
| 300 |
|
|
|a 3-84 p.
|c 22 cm.
|
| 490 |
0 |
|
|a Readings in literary criticism, 16
|
| 504 |
|
|
|a Bibliography: p. [83]-84.
|
| 600 |
1 |
0 |
|a Shakespeare, William,
|d 1564-1616
|x Criticism and interpretation.
|
| 906 |
|
|
|a 7
|b cbc
|c orignew
|d 3
|e ncip
|f 19
|g y-gencatlg
|
| 942 |
|
|
|c BK
|
| 999 |
|
|
|c 198768
|d 198768
|
| 952 |
|
|
|0 0
|1 0
|4 0
|6 822_330000000000000_AND_C
|7 0
|9 219933
|a ENG
|b ENG
|c ST1
|d 2017-05-03
|i 11263
|l 1
|o 822.33 AND/C
|p ENG11263
|r 2021-03-29
|s 2020-03-04
|w 2018-08-21
|y BK
|